LEADER 00511nas a2200133 i 4500 001 000000024949 003 CaOOAMICUS 005 20180830125446.0 008 180830s1980 it u0 ita u 040 $aSeMil$bita 245 10$aStoria dell'Ebraismo in Italia. Studi e testi. Sezione veneta. 300 $av. ;$c26 cm. 773 0 $tStoria dell'Ebraismo in Italia. Studi e testi.$dFirenze : Leo S. Olschki, 1980.$w()24947 996 $6245$aStoria dell'Ebraismo in Italia. Studi e testi. Sezione veneta$9(OLS)http://semarc/title/33611 LEADER 01037nam a2200193 i 4500 001 000000023555 003 CaOOAMICUS 005 20180830125446.0 008 180830s1923 it u000 u ita u 040 $aSeMil$bita 100 1 $aBlat, Alberto .$0(OLS)http://semarc/name/10489 245 10$aDe rebus /$cAlberto Blat. 260 $aRomae :$bEx Typographia Pontificia in Instituto Pii 9.,$c1923-1924. 300 $a2 v. ;$c24 cm. 773 0 $aBlat, Alberto $tCommentarium textus Codicis iuris canonici.$dRomae : Ex Typographia Pontificia in Instituto Pii 9., 1921-1927.$w()23554 774 0 $aBlat, Alberto $tLocis et temporibus sacris, De cultu divino, De magisterio ecclesiastico, De beneficiis aliisque institutis ecclesisticis non collegialibus, De bonis ecclesiae temporalibus.$gPartes2$w()68422 774 0 $aBlat, Alberto $tDe sacramentis ....$gPars1$w()68424 996 $6245$aDe rebus$9(OLS)http://semarc/title/31586 996 $6260$aRomae :$bEx Typographia Pontificia in Instituto Pii 9.$9(OLS)http://semarc/publisher/34298